All Terraria Bosses - Statistics

General Stats
  • This quiz has been taken 23 times
  • The average score is 23 of 34
Answer Stats
Boss % Correct
Queen Bee
93%
Eye of Cthulhu
86%
Golem
86%
King Slime
86%
Moon Lord
86%
Plantera
86%
Skeletron
86%
Wall of Flesh
86%
Brain of Cthulhu
79%
Duke Fishron
79%
Queen Slime
79%
Skeletron Prime
79%
Deerclops
71%
Eater of Worlds
71%
Lunatic Cultist
71%
The Destroyer
71%
Empress of Light
64%
Mourning Wood
64%
Nebula Pillar
64%
Pumpking
64%
Retinazer
64%
Solar Pillar
64%
Spazmatism
64%
Stardust Pillar
64%
Vortex Pillar
64%
Ice Queen
57%
Betsy
50%
Everscream
50%
Flying Dutchman
50%
Martian Saucer
50%
Santa-NK1
50%
Dark Mage
43%
Ogre
43%
The Torch God
29%
No matching quizzes found
Score Distribution
Percent of People with Each Score
Percentile by Number Answered
Your Score History
You have not taken this quiz